MARC

LEADER 00000nam0a2200000 4500
001 363180
005 20231102011550.0
035 |a (RuTPU)RU\TPU\retro\20527 
090 |a 363180 
100 |a 20210921d1980 km y0rusy50 ca 
101 0 |a rus 
102 |a UA 
105 |a y z 000zy 
200 1 |a Организация управления промышленным объединением  |f Академия наук Украинской ССР, Институт экономики 
210 |a Киев  |c Наукова думка  |d 1980 
215 |a 248 с. 
606 1 |a Промышленные объединения  |x Управление  |x Математические методы  |2 stltpush  |3 (RuTPU)RU\TPU\subj\52532  |9 70944 
610 1 |a организация управления 
610 1 |a экономическое развитие 
610 1 |a хозрасчетные отношения 
610 1 |a планирование 
610 1 |a прогнозирование 
610 1 |a производственные программы 
610 1 |a оптимизированное моделирование 
610 1 |a оптимальное планирование 
675 |a 658.016.4  |v 4 
712 0 2 |a Академия наук Украинской ССР  |b Институт экономики  |2 stltpush  |3 (RuTPU)RU\TPU\col\11343  |9 25048 
801 1 |a RU  |b 63413507  |c 20210921 
942 |c BK